Administración universitaria en América Latina: una perspectiva estratégica

Uloženo v:
Podrobná bibliografie
Korporace: Programa Políticas y Gestión Universitaria (Autor), CINDA (Autor)
Médium: Kniha
Jazyk:španělština
Vydáno: Santiago CINDA 1992
Edice:Colección Gestión Universitaria
Témata:
Tagy: Přidat tag
Žádné tagy, Buďte první, kdo vytvoří štítek k tomuto záznamu!

MARC

LEADER 00000cam a2200000 a 4500
001 UCK9321
003 CL-VaPUC
008 060428e19920000CL |||||||||||||||||spa|d
020 |a 9567106118 
082 0 4 |a 378.8  |b PRO  |2 21 
110 2 |a Programa Políticas y Gestión Universitaria  |e author  |9 499047 
710 2 |a CINDA  |e author  |9 499048 
245 1 0 |a Administración universitaria en América Latina: una perspectiva estratégica 
300 |a 294 p 
942 |c BK 
945 |d 20060428 00:00:00  |a cmena 
260 |a Santiago  |b CINDA  |c 1992 
650 0 |a Planificación de la educación   |9 307333 
650 0 |a Educación superior   |9 223851 
650 0 |a Universidades  |9 256317 
650 0 |a Calidad de la educación   |9 307271 
650 0 |a Estructura organizacional   |9 390800 
651 0 |a América Latina   |9 255027 
583 |a last modification  |c 20120117 10:28:52  |k Rodrigo Vera 
490 0 |a Colección Gestión Universitaria 
999 |c 316538  |d 316536 
952 |0 0  |1 0  |4 0  |6 378_800000000000000_PRO_1992  |7 0  |8 A  |9 390977  |a BIBEDU  |b BIBEDU  |d 2019-11-22  |i 4224795  |o 378.8 PRO 1992  |p 4224795  |r 2019-11-22  |w 2019-11-22  |y BK  |k EDU 
952 |0 0  |1 0  |4 0  |6 378_800000000000000_PRO_1992  |7 0  |8 ED_SUP  |9 390978  |a BIBGIM  |b BIBGIM  |c S_PSTGRDO  |d 2019-11-22  |i 4776909  |o 378.8 PRO 1992  |p 4776909  |r 2025-01-15  |w 2019-11-22  |y BK  |k ESU 
952 |0 0  |1 0  |4 0  |6 378_800000000000000_PRO_1992  |7 0  |8 ED_SUP  |9 390979  |a BIBGIM  |b BIBGIM  |c S_PSTGRDO  |d 2019-11-22  |i 4777123  |o 378.8 PRO 1992  |p 4777123  |r 2025-01-15  |w 2019-11-22  |y BK  |k ESU 
952 |0 0  |1 0  |4 0  |6 378_800000000000000_PRO_1992  |7 0  |8 ED_SUP  |9 390980  |a BIBGIM  |b BIBGIM  |c S_PSTGRDO  |d 2019-11-22  |i 4777034  |o 378.8 PRO 1992  |p 4777034  |r 2025-01-15  |w 2019-11-22  |y BK  |k ESU 
952 |0 0  |1 0  |4 0  |6 378_800000000000000_PRO_1992  |7 0  |8 ED_SUP  |9 390981  |a BIBGIM  |b BIBGIM  |c S_PSTGRDO  |d 2019-11-22  |i 4777042  |o 378.8 PRO 1992  |p 4777042  |r 2025-01-15  |w 2019-11-22  |y BK  |k ESU 
952 |0 0  |1 0  |4 0  |6 378_800000000000000_PRO_1992  |7 0  |8 ED_SUP  |9 390982  |a BIBGIM  |b BIBGIM  |c S_PSTGRDO  |d 2019-11-22  |i 3123146  |o 378.8 PRO 1992  |p 3123146  |r 2025-01-15  |w 2019-11-22  |y BK  |k ESU 
952 |0 0  |1 0  |4 0  |6 378_800000000000000_PRO_1992  |7 0  |8 ED_SUP  |9 390983  |a BIBGIM  |b BIBGIM  |c S_PSTGRDO  |d 2019-11-22  |i 483626K  |o 378.8 PRO 1992  |p 483626K  |r 2025-01-15  |w 2019-11-22  |y BK  |k ESU 
952 |0 0  |1 0  |4 0  |6 378_800000000000000_PRO_1992  |7 0  |8 ED_SUP  |9 390984  |a BIBGIM  |b BIBGIM  |c S_PSTGRDO  |d 2019-11-22  |i 4835360  |o 378.8 PRO 1992  |p 4835360  |r 2025-01-15  |w 2019-11-22  |y BK  |k ESU 
952 |0 0  |1 0  |4 0  |6 378_800000000000000_PRO_1992  |7 0  |8 ED_SUP  |9 390985  |a BIBGIM  |b BIBGIM  |c S_PSTGRDO  |d 2019-11-22  |i 4835565  |o 378.8 PRO 1992  |p 4835565  |r 2025-01-15  |w 2019-11-22  |y BK  |k ESU